| 000 | 02657nam a2200337 i 4500 | ||
|---|---|---|---|
| 003 | EG-GICUC | ||
| 005 | 20260513201443.0 | ||
| 008 | 260513s1997 ua ||||fr|||| 00| 0 ara d | ||
| 017 | _a96/3435 | ||
| 020 | _a9771903683 | ||
| 040 |
_a EG-GICUC _bara _c EG-GICUC _d EG-GICUC _erda |
||
| 041 |
_aara _hara |
||
| 082 | 0 | 4 |
_221 _a343.451 _bم ج . م |
| 092 | 0 | 4 | _221 |
| 099 | _aLaw1 10 343.451 م ج . م 1997 | ||
| 100 | 0 |
_aمجدى محب حافظ _eمؤلف. |
|
| 245 | 1 | 0 |
_aموسوعة تشريعات الغش والتدليس قانون قمع الغش والتدليس - غش الاغذية الغش التجاري - الغش الصناعي : _bفي ضوء الفقه و احكام النقض و الادارية العليا و الدستورية العليا / _cتأليف دكتور مجدى محب حافظ. |
| 264 | 1 |
_aلا يوجد مكان للنشر : _bلا يوجد ناشر محدد، _c1997. |
|
| 300 |
_a810 صفحة ; _c25 سم. |
||
| 336 |
_2rda content _atext |
||
| 337 |
_2rda media _aComputer |
||
| 338 |
_2rda carrier _aOnline Resource |
||
| 504 | _aيشتمل على إرجاعات ببليوجرافية. | ||
| 505 | _aشرح قانون الغش والتدليس ولائحته التنفيذية وكافة القرارات الوزارية المنقلة له والدفوع الجوهرية الهامة و قيرة و أوصاف الجرائم الواردة به قوانين الغش التجارى واللوائح التنفيذية وكافة القرارات الوزارية المنقلة لها وغيره و أوصاف الجرائم الواردة بها في قانون العلامات التجارية - القانون الوزن والقياس و الكيل - قانون المعادن الثمينة - فائرن البيوع التجارية - الغش في عقود التوريد -الغش في براءات الاختراع قوانين غش الاغذية واللوائح التنفيذية والقرارات الوزارية المنفذة الها و قيود وأوصاف الجرائم الواردة بها - هش الألي غش الألبان غش المياه الغازية والمثلجات غش الشاي بلبن غش الدخان والتبغ غش الاغذية الاخرى قوانين الغش الصناعي قانون تنظيم الصناعة والتوحيد القياسي - غش الكحول. | ||
| 546 | _aالنص باللغة العربية | ||
| 650 | 1 | _aالقانون الجنائي | |
| 650 | 1 | _aقمع الغش والتدليس | |
| 856 | 4 | 0 | _uhttps://fll.law.cu.edu.eg/fulltext/bks/B10-12243.pdf |
| 905 | _a43 | ||
| 942 |
_2ddc _n0 _cBK _e21 |
||
| 999 |
_c76831 _d76831 |
||